000 00314 a2200145 4500
001 167345
020 _a
040 _cMagnum
100 _aBrikman, Lola
240 1 0 _aA linguagem do movimento corporal
_lpor
245 1 0 _aA linguagem do movimento corporal
362 0 _a1899
697 _aARTES
942 _cBK
999 _c167345
_d167345